000 00765nas a2200265 4500
001 BR0304742
003 BR-BrBNA
005 20231205104116.0
007 ta
008 230509b bl.|||p| |||| 00| 00por d
040 _aBR-BrBNA
_bpor
_cBiblioteca Nacional de Agricultura
041 _a(Pt)
072 _aM12
100 1 _aOliveira, E.C. de
100 1 _aFerreira, E.J.G.
245 1 _aOcorrência de ovos e larvas de characiformes migradores no Rio Negro, Amazonas, Brasil
650 _aPEIXE
650 _aLARVA
650 _aOVO
650 _aDESOVA
650 _aAMAZONAS
773 0 _tActa Amazônica (Brazil)
_xISSN 0044-5967
_g(Jan-Mar 2002), v. 32(1) p. 163-168
_wBR0304742
909 _a202311
_bLúcia
_c55
_dLúcia Elande
942 _2AGRIS
_n0
_cANA
999 _c176410
_d176410